000 00657nam a22002057a 4500
005 20251108172349.0
008 250721s1985 xx 000 0 ara d
082 1 4 _a301.24/دوب
100 1 _aدوب، اس . سي
245 1 0 _aالتغير الإجتماعي /
264 1 _aالقاهرة :
_bمكتبة نهضة الشرق،
_c1985.
300 _a130ص
650 1 7 _aعلم الإجتماع
650 1 7 _aالتغير الإجتماعي
700 1 _aالجوهري، عبد الهادي
_eترجمة
700 1 _aالنكلاوي، أحمد
_eترجمة
700 1 _aفيصل، عواطف
_eترجمة
942 _2ddc
_cBK
999 _c77302
_d77302